000 00443nam a2200157Ia 4500
999 _c18914
_d18914
003 OSt
005 20200702123623.0
008 190216s9999||||xx |||||||||||||| ||und||
040 _coclc
082 _a915.9
_bRED/C
100 _aReddi, V M
_93459
245 0 _aCambodiyayum Laosum /
_cV M Reddi
260 _bVidyarthimithram Press,
_c1966.
_aKottayam:
300 _a136p
942 _cBK
_2ddc
_h915.9
_iRED/C
_k915.9
_mRED/C